000 00758nas a2200205 i 4500
001 183133
003 ES-MaACL
005 20250217134912.0
008 140123d18271857xxka| | ||ng d
245 0 4 _aThe Keepsake for.
260 _aLondon :
_bDavid Bogue,
_c1827-1857.
300 _a1 v. (272 p.) :
_bil. ;
_c24 cm.
310 _aAnual
594 _a1857: edited by Miss Power, with beautifully-finished engravings, from drawings by the first artists, engraved under the superintendence of Frederick A. Heath.
700 1 _aHeath, Frederick.
_9154263
700 1 _aPower, Marguerite A.
_9154264
852 _aES-MaACL
_jC-3162
_z- Enc. tela roja y cortes dorados
_z- Legado Modesto Lafuente
866 0 _o1857.
999 _c183133
_d183133